| 000 | 00748nam a22002057a 4500 | ||
|---|---|---|---|
| 008 | 100303r20042005ii||||||r||| 001 0 ng d | ||
| 020 | _a8181470214 | ||
| 082 |
_222 _a616 _bPAT |
||
| 100 |
_912159 _aUpadhyay, Yogesh P. |
||
| 245 |
_aWard Procedures/ _bMansukh B. Patel & Yogesh P. Upadhyay |
||
| 250 | _a4th ed. | ||
| 260 |
_aNew Delhi: _bElsevier, 2004 _c2004 |
||
| 300 |
_a434 p.: _bill.; _c21 CM. |
||
| 500 | _aIncludes index | ||
| 650 |
_912157 _aHospital care |
||
| 650 |
_912158 _aMedicine _xPractice. |
||
| 700 |
_912159 _aUpadhyay, Yogesh P. |
||
| 942 |
_2ddc _cNRB |
||
| 999 |
_c13565 _d13565 |
||